000 00658nam a2200241Ia 4500
003 OSt
005 20220926014025.0
006 a|||||r|||| 00| 0
007 ta
008 220923b |||||||| |||| 00| 0 eng d
037 _cGeneral Book
040 _aRTL
_cRTL
_beng
041 _2eng
_aeng
082 _aV73:91.N4, H8
100 _aBean Louis H
_9319528
245 0 _aHow to predict elections
260 _aNew York
_bKnopf
_c1948
300 _ax, 196p
_ccm.
500 _aAppendix: P 177-96
650 _aConstitution United States
_9240337
942 _hV73:91.N4, H8
_cGB
_2CC
999 _c627522
_d627522